000 00213 a2200097 4500
001 45048
100 _a
245 _aEvery day things their story
260 _aLondon
_bOdhams press ltd
_c
090 _c28325
_d28325
942 _aNUST-CAE
_cM
_c20364
999 _c280121
_d280121